عرض عادي
عرض مارك
- طرق التدريس
مدخل مصطلح موضوعي
001 - رقم الضبط
- حقل الضبط: 57364
003 - معرف رقم الضبط
- حقل الضبط: OSt
005 - تاريخ ووقت أخر عملية
- حقل الضبط: 20170221105341.0
008 - عناصر بيانات ثابتة الطول
- حقل تحكم ثابت الطول: 170221|| aca||aabn | a|a d
040 ## - مصدر الفهرسة
- هيئة الفهرسة الأصلية: OSt
- وكالة الكتابة: OSt
150 ## - مدخل-- مصطلح تاريخي
- عنصر مدخل المصطلح الموضوعي او الاسم الجغرافي: طرق التدريس
670 ## - بيانات المصدر موجوده
- الاستشهاد بالمصدر: Work cat.: (OSt)40032: المولى، حميد مجيد 22337, الطريقة والاستراتيجية في التعليم /, [19--
